Films dont le titre commence par un E (1) - Statistiques

Statistiques générales
  • Ce quiz a été pris 7 fois
  • Le résultat moyen est 5 sur 30
Statistiques - réponses
Année Réalisateur Genre 1 acteur ou
1 actrice
Titre % Correct
1953 L. Bunuel Drame Arturo de Cordova El
83%
1956 R. Vadim Drame Brigitte Bardot Et Dieu créa la femme
83%
1980 D. Lynch Drame Anthony Hopkins Elephant man
67%
1965 S. Leone Western Clint Eastwood Et pour quelques dollars de plus
67%
1969 D. Hopper Drame psychologique Peter Fonda Easy rider
33%
1950 J. Mankiewicz Drame Bette Davis Eve
33%
1969 M. Audiard Comédie Annie Girardot Elle boit pas, elle fume pas, elle drague pas, mais elle cause
17%
1974 J. Jaeckin Erotique Sylvia Kristel Emmanuelle
17%
1962 G. Bianchi Comédie Fernandel En avant la musique
17%
1958 C. Autant-Lara Drame Jean Gabin En cas de malheur
17%
1970 E. Petri Policier Gian Maria Volonte Enquête sur un citoyen au-dessus de tout soupçon
17%
1938 M. Allégret Policier Louis Jouvet Entrée des artistes
17%
1938 Christian-Jaque Comédie dramatique Fernandel Ernest le rebelle
17%
1972 Costa-Gavras Drame Yves Montand Etat de siège
17%
1960 O. Preminger Drame Paul Newman Exodus
17%
1949 H. King Aventures Tyrone Power Echec à Borgia
0%
1945 J-P Paulin Comédie Odette Joyeux Echec au roi
0%
1954 W. Wellman Drame psychologique William Campbell Ecrit dans le ciel
0%
1970 J. Guillermin Western Jim Brown El Condor
0%
1956 J. Renoir Musical Jean Marais Elena et les hommes
0%
1972 C. Doukouré Comédie Annie Girardot Elle cause plus, elle flingue
0%
1973 G. Pirès Comédie Marthe Keller Elle court, elle court la banlieue
0%
1964 B. Wilder Comédie Dean Martin Embrasse moi idiot
0%
1950 S. Wood Aventures Robert Taylor Embuscade
0%
1956 M. Allégret Comédie Patrick Dewaere En effeuillant la marguerite
0%
1960 R. Walsh Historique Joan Collins Esther et le roi
0%
1979 P. Schulmann Comédie Jean-Luc Bideau Et la tendresse ? Bordel
0%
1960 R. Vadim Drame Annette Vadim Et mourir de plaisir
0%
1946 L. Cuny Drame Renée Saint-Cyr Etrange destin
0%
1947 M. Soldati Drame Alida Valli Eugenie Grandet
0%
Aucun quiz correspondant
Distribution des résultats
% des personnes avec chaque résultat
Percentile par nombre de réponses
Votre historique - résultats
Vous n’avez pas pris ce quiz